| 000 | 00420cam a2200169ua 4500 | ||
|---|---|---|---|
| 020 | _c4.00 | ||
| 041 |
_amal _h |
||
| 082 |
_a931 _bVAR/CO |
||
| 100 | _aVarghese, Kulathil . | ||
| 245 |
_aConfusiasinte tatva chintakal / _cKulathil Varghese. _hTextual Documents |
||
| 260 |
_aNew Delhi : _bSahitya Academy , _c1963. |
||
| 300 | _a236 ; . | ||
| 365 | _a4.00 | ||
| 504 | _a | ||
| 942 | _cBK | ||
| 999 |
_c5039 _d5039 |
||